000
00307 a2200157 4500
001
57881
020
_a
8516037738
040
_c
Anchieta - Pituba
240
1
0
_a
Matemática
_l
por
245
1
0
_a
Matemática
300
_a
314
362
0
_a
2003
440
1
_a
Moderna
650
4
_a
Matemática
942
_c
BK
999
_c
57881
_d
57881